| 000 | 00338nam a2200133Ia 4500 | ||
|---|---|---|---|
| 008 | 150201s2009 xx 000 0 und d | ||
| 082 |
_a616 _bH07P |
||
| 100 | _aPENCHEON,DAVID | ||
| 245 | _aOXFORD HAND BOOK OF PUBLIC HEALTH PRACTICE | ||
| 250 | _a2ND | ||
| 260 |
_bOXFORD _aNEW YORK _c2009 |
||
| 650 | _aCOMMUNITY MEDICINE | ||
| 942 |
_2ddc _cBK |
||
| 999 |
_c813 _d813 |
||